|
|
|
|
| LEADER |
00000cam a2200000 a 4500 |
| 001 |
vtls001345392 |
| 003 |
SK-MaSNL |
| 005 |
20260301010201.0 |
| 008 |
240318s1998 xo a r 000 p hun |
| 015 |
|
|
|a SNBA1999/02-00686
|
| 020 |
|
|
|a 8088763606
|
| 035 |
|
|
|a SNK000298618
|
| 035 |
|
|
|a urn:nbn:sk:snk-amku7h
|
| 035 |
|
|
|a urn:nbn:sk:snk-am004q5m
|
| 035 |
|
|
|a 634E2D55-C84B-44EB-B99C-1106A3B22F22
|
| 040 |
|
|
|a SNK
|b slo
|c SNK
|e AACR2
|
| 041 |
0 |
|
|a hun
|
| 044 |
|
|
|a xo
|c SK
|
| 080 |
|
|
|a 894.511 (437.6)-1=945.11
|2 1981
|
| 100 |
1 |
|
|a Öllős, Edit,
|d 1975-
|4 aut
|9 108673
|
| 245 |
1 |
0 |
|a Négydimenziós pókháló
|c Öllős Edit
|
| 260 |
|
|
|a Bratislava
|b AB-art
|c c1998
|
| 300 |
|
|
|a 40 s.
|b ilustr.
|c 19 cm
|
| 490 |
1 |
|
|a Start / AB-ART
|v 6. köt.
|
| 500 |
|
|
|a Súbežná tiráž slovensky. Ilustrácie na titulnej strane
|
| 655 |
|
7 |
|a maďarská poézia
|2 SNKPH
|9 70602
|
| 700 |
1 |
|
|a Bažanowski, René
|4 ill
|9 42779
|
| 810 |
2 |
|
|a AB-ART (Bratislava, Slovensko)
|t Start
|9 291618
|
| 852 |
|
|
|a Slovenská národná knižnica
|
| 919 |
|
|
|a 80-88763-60-6
|
| 958 |
|
|
|a TL
|
| 958 |
|
|
|a LX
|
| 958 |
|
|
|a HU
|
| 958 |
|
|
|a BQ
|
| 999 |
|
|
|c 547366
|d 549296
|
| 952 |
|
|
|t P60, <09>, [BOOK], {629}
|a SNK
|b SNK
|y NEVYP
|7 0
|o snkD 131
|i snk1522/981020
|0 0
|1 0
|4 0
|d 1998-10-19
|l 0
|r 2005-01-02 00:00:00
|w 2026-02-23
|
| 952 |
|
|
|t P60, <03>, [BOOK], {603}
|a SNK
|b SNK
|y PREZ
|7 0
|p 17A0165029
|o snkSD 69630
|i snkKSP 9728/98
|0 0
|1 0
|4 0
|d 1998-10-19
|l 0
|r 2005-01-02 00:00:00
|w 2026-02-23
|
| 952 |
|
|
|t P60, <04>, [BOOK], {604}
|a SNK
|b SNK
|y VYP
|7 0
|p 17A0165030
|o snkSD 69630 D1
|i snkKSP 9729/98
|0 0
|1 0
|4 0
|d 1998-10-19
|f 1
|l 0
|r 2005-01-02 00:00:00
|w 2026-02-23
|